000 00922nas a2200313 4500
001 BR0603355
003 BR-BrBNA
005 20231205110320.0
007 ta
008 230509b bl.|||p| |||| 00| 00por d
040 _aBR-BrBNA
_bpor
_cBiblioteca Nacional de Agricultura
041 _a(En)
072 _aP34
100 1 _aGaulke, L.S.
100 1 _aHenry, C.L.
100 1 _aBrown, S.L.
245 1 _aNitrogen fixation and growth response of Alnus rubra amended with low and high metal content biosolids
650 _aFLORESTA
650 _aECOLOGIA
650 _aCRESCIMENTO
650 _aCHUMBO
650 _aZINCO
650 _aFIXAÇÃO SIMBIÓTICA DE NITROGÊNIO
650 _aMETAL PESADO
650 _aFERTILIZANTE
773 0 _tScientia Agricola (Brazil)
_xISSN 0103-9016
_g(Jul-Aug 2006), v. 63(4) p. 351-360
_wBR0603355
909 _a202311
_bLúcia
_c55
_dLúcia Elande
942 _2AGRIS
_n0
_cANA
999 _c186933
_d186933